Zahraničný obchod Slovenskej republiky - 10/2006

Na minha lista:
Detalhes bibliográficos
Formato: Livro
Idioma:eslovaco
inglês
Publicado em: Bratislava Štatistický úrad Slovenskej republiky 2007
Colecção:Zahraničný obchod
Tags: Adicionar Tag
Sem tags, seja o primeiro a adicionar uma tag!

MARC

LEADER 00000nam a2200000 4500
001 0053211
005 20260205120349.7
041 0 |a slo 
041 0 |a eng 
044 |a SK 
245 1 0 |a Zahraničný obchod Slovenskej republiky - 10/2006 
264 1 |a Bratislava  |b Štatistický úrad Slovenskej republiky  |c 2007 
300 |a 110 s. 
490 1 |a Zahraničný obchod 
830 0 |a Zahraničný obchod